000 00504nam a22001817a 4500
003 OSt
005 20151110131922.0
008 121120t xxu||||| |||| 00| 0 eng d
020 _a9780590453165
050 _aF 12
_b.H521 1948
082 _aKF
_bH39k 1948
245 _aKing of the Wind
_bThe Story of the Godolphin Arabian
_cMarguerite Henry ; illustrated by: Wesley Dennis
260 _aNew York
_bScholastic
_cc1948.
300 _g19cm
_a192 p. :
562 _e1
942 _2lcc
_cBK
999 _c8304
_d8304